Musées de France - click quiz - Statistiques

Statistiques générales
  • Ce quiz a été pris 108 fois
  • Le résultat moyen est 12 sur 35
Statistiques - réponses
Hint Réponse % Correct
Musée du Louvre Paris
90%
Musée de la bande dessinée Angoulême
76%
Cité du Vin Bordeaux
69%
Musée des Civilisations de l'Europe et de la Méditerranée Marseille
63%
Musée des confluences Lyon
60%
Cité de l'Espace Toulouse
59%
Musée de Picardie Amiens
57%
Musée de la Cristallerie Baccarat
49%
Musée Jeanne-d'Arc Rouen
46%
Espace Georges Brassens Sète
46%
Musée des Impressionnismes Giverny
44%
Musée de l'Image Épinal
41%
Cité internationale de la tapisserie Aubusson
40%
La Piscine Roubaix
40%
Musée du bagne Saint-Laurent-du-Maroni
34%
Musée Unterlinden Colmar
29%
Musée Fabre Montpellier
29%
Musée Rimbaud Charleville-Mézières
28%
Musée Jules Verne Nantes
28%
Musée Pascal-Paoli Morosaglia
26%
Cité du train Mulhouse
25%
Musée de la Mine Saint-Étienne
25%
Cité Internationale de la Gastronomie et du Vin Dijon
24%
Musée Matisse Nice
24%
Cité de la Mer Cherbourg-en-Cotentin
22%
Musée de la lutherie et de l'archèterie françaises Mirecourt
22%
Musée Courbet Ornans
22%
Musée Picasso Antibes
21%
Musée Schœlcher Fort-de-France
18%
Carré d'Art Nîmes
18%
Musée du Petit Palais Avignon
12%
Musée de l'Œuvre Notre-Dame Strasbourg
10%
Musée des musiques populaires Montluçon
9%
Musée Hyacinthe-Rigaud Perpignan
7%
Palais du Tau Reims
4%
Aucun quiz correspondant
Distribution des résultats
% des personnes avec chaque résultat
Percentile par nombre de réponses
Votre historique - résultats
Vous n’avez pas pris ce quiz